Voices from the forest : (Record no. 17079)

MARC details
000 -LEADER
fixed length control field 01928cam a22004454a 4500
001 - CONTROL NUMBER
control field 13626418
003 - CONTROL NUMBER IDENTIFIER
control field OSt
005 - DATE AND TIME OF LATEST TRANSACTION
control field 20211108101054.0
008 - FIXED-LENGTH DATA ELEMENTS--GENERAL INFORMATION
fixed length control field 040617s2007 dcuabf b 001 0 eng
010 ## - LIBRARY OF CONGRESS CONTROL NUMBER
LC control number 2004014391
020 ## - INTERNATIONAL STANDARD BOOK NUMBER
International Standard Book Number 1891853910 (cloth : alk. paper)
020 ## - INTERNATIONAL STANDARD BOOK NUMBER
International Standard Book Number 9781891853913 (cloth : alk. paper)
020 ## - INTERNATIONAL STANDARD BOOK NUMBER
International Standard Book Number 1891853929 (pbk. : alk. paper)
020 ## - INTERNATIONAL STANDARD BOOK NUMBER
International Standard Book Number 9781891853920 (pbk. : alk. paper)
035 ## - SYSTEM CONTROL NUMBER
System control number (OCoLC)ocm55746835
035 ## - SYSTEM CONTROL NUMBER
System control number (OCoLC)55746835
040 ## - CATALOGING SOURCE
Original cataloging agency DLC
Transcribing agency HU
Modifying agency BAKER
-- BTCTA
-- C#P
-- YDXCP
-- DLC
042 ## - AUTHENTICATION CODE
Authentication code pcc
050 00 - LIBRARY OF CONGRESS CALL NUMBER
Classification number GN407.4
Item number .V65 2007
082 00 - DEWEY DECIMAL CLASSIFICATION NUMBER
Classification number 306.3/49CAI 2007
Edition number 22
245 00 - TITLE STATEMENT
Title Voices from the forest :
Remainder of title integrating indigenous knowledge into sustainable upland farming /
Statement of responsibility, etc. Malcolm Cairns, editor.
260 ## - PUBLICATION, DISTRIBUTION, ETC.
Place of publication, distribution, etc. Washington, DC :
Name of publisher, distributor, etc. Resources for the Future,
Date of publication, distribution, etc. c2007.
300 ## - PHYSICAL DESCRIPTION
Extent xv, 826 p., [32] p. of plates :
Other physical details ill. (some col.), maps ;
Dimensions 26 cm.
500 ## - GENERAL NOTE
General note "An RFF Press book"--T.p. verso.
504 ## - BIBLIOGRAPHY, ETC. NOTE
Bibliography, etc. note Includes bibliographical references and indexes.
650 #0 - SUBJECT ADDED ENTRY--TOPICAL TERM
Topical term or geographic name entry element Traditional farming.
9 (RLIN) 17222
650 #0 - SUBJECT ADDED ENTRY--TOPICAL TERM
Topical term or geographic name entry element Shifting cultivation.
9 (RLIN) 17223
650 #0 - SUBJECT ADDED ENTRY--TOPICAL TERM
Topical term or geographic name entry element Sustainable agriculture.
9 (RLIN) 12029
650 #0 - SUBJECT ADDED ENTRY--TOPICAL TERM
Topical term or geographic name entry element Fallow lands.
9 (RLIN) 17224
650 #0 - SUBJECT ADDED ENTRY--TOPICAL TERM
Topical term or geographic name entry element Indigenous peoples
General subdivision Ecology.
9 (RLIN) 17225
650 #0 - SUBJECT ADDED ENTRY--TOPICAL TERM
Topical term or geographic name entry element Forest degradation.
9 (RLIN) 17226
650 #0 - SUBJECT ADDED ENTRY--TOPICAL TERM
Topical term or geographic name entry element Forest conservation.
9 (RLIN) 11239
700 1# - ADDED ENTRY--PERSONAL NAME
Personal name Cairns, Malcolm.
9 (RLIN) 17227
856 42 - ELECTRONIC LOCATION AND ACCESS
Materials specified Contributor biographical information
Uniform Resource Identifier <a href="http://www.loc.gov/catdir/bios/jhu051/2004014391.html">http://www.loc.gov/catdir/bios/jhu051/2004014391.html</a>
856 42 - ELECTRONIC LOCATION AND ACCESS
Materials specified Publisher description
Uniform Resource Identifier <a href="http://www.loc.gov/catdir/description/jhu051/2004014391.html">http://www.loc.gov/catdir/description/jhu051/2004014391.html</a>
856 41 - ELECTRONIC LOCATION AND ACCESS
Materials specified Table of contents
Uniform Resource Identifier <a href="http://www.loc.gov/catdir/toc/ecip0419/2004014391.html">http://www.loc.gov/catdir/toc/ecip0419/2004014391.html</a>
906 ## - LOCAL DATA ELEMENT F, LDF (RLIN)
a 7
b cbc
c orignew
d 1
e ecip
f 20
g y-gencatlg
942 ## - ADDED ENTRY ELEMENTS (KOHA)
Source of classification or shelving scheme Dewey Decimal Classification
Koha item type Books like text book referance book
Suppress in OPAC No
Holdings
Withdrawn status Lost status Source of classification or shelving scheme Damaged status Not for loan Collection code Home library Current library Shelving location Date acquired Total Checkouts Full call number Barcode Date last seen Copy number Price effective from Koha item type
    Dewey Decimal Classification     Reference Wondo Genet Library Wondo Genet Library General Stacks 11/08/2021   306.3/49CAI 2007 WGCFNRL00004970 11/08/2021 1 11/08/2021 Books like text book referance book